<?xml version="1.0" encoding="UTF-8"?>
<record
    xmlns:xsi="http://www.w3.org/2001/XMLSchema-instance"
    xsi:schemaLocation="http://www.loc.gov/MARC21/slim http://www.loc.gov/standards/marcxml/schema/MARC21slim.xsd"
    xmlns="http://www.loc.gov/MARC21/slim">

  <leader>00600nam a22001337a 4500</leader>
  <datafield tag="040" ind1=" " ind2=" ">
    <subfield code="c">RUA</subfield>
  </datafield>
  <datafield tag="082" ind1=" " ind2=" ">
    <subfield code="a">AVM CHA 2012 B100 Or.1</subfield>
  </datafield>
  <datafield tag="100" ind1=" " ind2=" ">
    <subfield code="a">CHANN, NY.</subfield>
  </datafield>
  <datafield tag="245" ind1=" " ind2=" ">
    <subfield code="a">Epidemiology study on Newcastle disease in teck chhou district, kampot province, &#x179F;&#x17B7;&#x1780;&#x17D2;&#x179F;&#x17B6;&#x1796;&#x17B8;&#x1780;&#x1798;&#x17D2;&#x179A;&#x17B7;&#x178F;&#x179A;&#x17B6;&#x179B;&#x178A;&#x17B6;&#x179B; &#x1793;&#x17C3;&#x1787;&#x17C6;&#x1784;&#x17BA;&#x1789;&#x17C9;&#x17BC;&#x1780;&#x17B6;&#x179F; &#x1780;&#x17D2;&#x1793;&#x17BB;&#x1784;&#x179F;&#x17D2;&#x179A;&#x17BB;&#x1780;&#x1791;&#x17B9;&#x1780;&#x1788;&#x17BC; &#x1781;&#x17C1;&#x178F;&#x17D2;&#x178F;&#x1780;&#x17C6;&#x1796;&#x178F;.</subfield>
  </datafield>
  <datafield tag="260" ind1=" " ind2=" ">
    <subfield code="a">phnom phen</subfield>
    <subfield code="b">RUA</subfield>
    <subfield code="c">2012</subfield>
  </datafield>
  <datafield tag="300" ind1=" " ind2=" ">
    <subfield code="a">XII.</subfield>
    <subfield code="b">ILL.</subfield>
    <subfield code="c">29CM.</subfield>
  </datafield>
  <datafield tag="856" ind1=" " ind2=" ">
    <subfield code="u">https://drive.google.com/file/d/1Z6VYWUfBHlrvXuIVC8QN4zU2-XivgJB2/view?usp=sharing</subfield>
  </datafield>
  <datafield tag="942" ind1=" " ind2=" ">
    <subfield code="c">AVM</subfield>
  </datafield>
  <datafield tag="999" ind1=" " ind2=" ">
    <subfield code="c">2510</subfield>
    <subfield code="d">2510</subfield>
  </datafield>
  <datafield tag="952" ind1=" " ind2=" ">
    <subfield code="0">0</subfield>
    <subfield code="1">0</subfield>
    <subfield code="2">ddc</subfield>
    <subfield code="4">0</subfield>
    <subfield code="6">AVM_CHA_2012_000000000000000_B100_OR_1</subfield>
    <subfield code="7">0</subfield>
    <subfield code="9">11505</subfield>
    <subfield code="a">LBB</subfield>
    <subfield code="b">LBB</subfield>
    <subfield code="c">B100</subfield>
    <subfield code="d">2015-10-22</subfield>
    <subfield code="l">1</subfield>
    <subfield code="o">AVM CHA 2012 B100 Or.1</subfield>
    <subfield code="p">RUA019522</subfield>
    <subfield code="r">2016-06-27</subfield>
    <subfield code="s">2016-06-14</subfield>
    <subfield code="w">2015-10-22</subfield>
    <subfield code="y">AVM</subfield>
  </datafield>
  <datafield tag="952" ind1=" " ind2=" ">
    <subfield code="0">0</subfield>
    <subfield code="1">0</subfield>
    <subfield code="2">ddc</subfield>
    <subfield code="4">0</subfield>
    <subfield code="6">AVM_CHA_2012_000000000000000_B100_OR_2</subfield>
    <subfield code="7">0</subfield>
    <subfield code="9">11506</subfield>
    <subfield code="a">LBB</subfield>
    <subfield code="b">LBB</subfield>
    <subfield code="c">B100</subfield>
    <subfield code="d">2015-10-22</subfield>
    <subfield code="l">3</subfield>
    <subfield code="o">AVM CHA 2012 B100 Or.2</subfield>
    <subfield code="p">RUA019813</subfield>
    <subfield code="r">2016-11-07</subfield>
    <subfield code="s">2016-10-18</subfield>
    <subfield code="w">2015-10-22</subfield>
    <subfield code="y">AVM</subfield>
  </datafield>
  <datafield tag="952" ind1=" " ind2=" ">
    <subfield code="0">0</subfield>
    <subfield code="1">0</subfield>
    <subfield code="2">ddc</subfield>
    <subfield code="4">0</subfield>
    <subfield code="6">AVM_CHA_2012_000000000000000_B100_OR_3</subfield>
    <subfield code="7">0</subfield>
    <subfield code="9">11507</subfield>
    <subfield code="a">LBB</subfield>
    <subfield code="b">LBB</subfield>
    <subfield code="c">B100</subfield>
    <subfield code="d">2015-10-22</subfield>
    <subfield code="l">4</subfield>
    <subfield code="m">1</subfield>
    <subfield code="o">AVM CHA 2012 B100 Or.3</subfield>
    <subfield code="p">RUA019228</subfield>
    <subfield code="r">2016-10-25</subfield>
    <subfield code="s">2016-09-21</subfield>
    <subfield code="w">2015-10-22</subfield>
    <subfield code="y">AVM</subfield>
  </datafield>
  <datafield tag="952" ind1=" " ind2=" ">
    <subfield code="0">0</subfield>
    <subfield code="1">0</subfield>
    <subfield code="2">ddc</subfield>
    <subfield code="4">0</subfield>
    <subfield code="6">AVM_CHA_2012_000000000000000_B100_OR_4</subfield>
    <subfield code="7">0</subfield>
    <subfield code="9">11508</subfield>
    <subfield code="a">LBB</subfield>
    <subfield code="b">LBB</subfield>
    <subfield code="c">B100</subfield>
    <subfield code="d">2015-10-22</subfield>
    <subfield code="l">1</subfield>
    <subfield code="m">1</subfield>
    <subfield code="o">AVM CHA 2012 B100 Or.4</subfield>
    <subfield code="p">RUA015203</subfield>
    <subfield code="r">2021-01-27</subfield>
    <subfield code="s">2021-01-13</subfield>
    <subfield code="w">2015-10-22</subfield>
    <subfield code="y">AVM</subfield>
  </datafield>
  <datafield tag="952" ind1=" " ind2=" ">
    <subfield code="0">0</subfield>
    <subfield code="1">0</subfield>
    <subfield code="2">ddc</subfield>
    <subfield code="4">0</subfield>
    <subfield code="6">AVM_CHA_2012_000000000000000_B100_OR_5</subfield>
    <subfield code="7">0</subfield>
    <subfield code="9">11509</subfield>
    <subfield code="a">LBB</subfield>
    <subfield code="b">LBB</subfield>
    <subfield code="c">B100</subfield>
    <subfield code="d">2015-10-22</subfield>
    <subfield code="l">2</subfield>
    <subfield code="o">AVM CHA 2012 B100 Or.5</subfield>
    <subfield code="p">RUA009100</subfield>
    <subfield code="r">2018-05-21</subfield>
    <subfield code="s">2018-05-09</subfield>
    <subfield code="w">2015-10-22</subfield>
    <subfield code="y">AVM</subfield>
  </datafield>
  <datafield tag="952" ind1=" " ind2=" ">
    <subfield code="0">0</subfield>
    <subfield code="1">0</subfield>
    <subfield code="2">ddc</subfield>
    <subfield code="4">0</subfield>
    <subfield code="6">AVM_CHA_2012_000000000000000_B100_OR_6</subfield>
    <subfield code="7">0</subfield>
    <subfield code="9">11510</subfield>
    <subfield code="a">LBB</subfield>
    <subfield code="b">LBB</subfield>
    <subfield code="c">B100</subfield>
    <subfield code="d">2015-10-22</subfield>
    <subfield code="l">1</subfield>
    <subfield code="o">AVM CHA 2012 B100 Or.6</subfield>
    <subfield code="p">RUA015276</subfield>
    <subfield code="r">2016-06-21</subfield>
    <subfield code="s">2016-06-06</subfield>
    <subfield code="w">2015-10-22</subfield>
    <subfield code="y">AVM</subfield>
  </datafield>
  <datafield tag="952" ind1=" " ind2=" ">
    <subfield code="0">0</subfield>
    <subfield code="1">0</subfield>
    <subfield code="2">ddc</subfield>
    <subfield code="4">0</subfield>
    <subfield code="6">AVM_CHA_2012_000000000000000_B100_OR_7</subfield>
    <subfield code="7">0</subfield>
    <subfield code="9">11511</subfield>
    <subfield code="a">LBB</subfield>
    <subfield code="b">LBB</subfield>
    <subfield code="c">B100</subfield>
    <subfield code="d">2015-10-22</subfield>
    <subfield code="l">2</subfield>
    <subfield code="o">AVM CHA 2012 B100 Or.7</subfield>
    <subfield code="p">RUA015204</subfield>
    <subfield code="r">2018-02-14</subfield>
    <subfield code="s">2018-02-09</subfield>
    <subfield code="w">2015-10-22</subfield>
    <subfield code="y">AVM</subfield>
  </datafield>
</record>
